000 00421nam a2200157Ia 4500
008 210716s2011 xx 000 0 und d
020 _a8179925684
041 _aeng
082 _a658.304 ARMM
100 _aArmstrong, Michael;Baron, Angela.
245 _aHandbook of strategic hrm.
250 _a1
260 _aNew Delhi
_bJaico Publishing House
_c2011
300 _axxii,257
650 _aHuman Resource Management
999 _c208659
_d208659